000 01327nam a2200385Ia 4500
001 055816
008 221003m2019 xx 000 0 cat d
035 _aCENDO_45450
041 _acat
100 _aMONTORO, Francesc
_929861
245 0 _a<La> presència de representació sindical redueix els accidents i les malalties a les empreses /
_cFrancesc Montoro
260 _aBarcelona :
_bCCOO de Catalunya,
_c2019
300 _a1 p. ;
_c 30 cm
500 _aEn: Llu!ta Obrera, n. 239 (abril-junio 2019), p. 15
650 _aDIA MUNDIAL DE LA SEGURIDAD Y SALUD EN EL TRABAJO
_939765
650 _aSEGURIDAD EN EL TRABAJO
_9492
650 _aSALUD EN EL TRABAJO
_9155
650 0 _aFUNCIONARIO SINDICAL
_91515
650 _aPREVENCION
_94589
650 _aACCIDENTE DE TRABAJO
_9581
650 _aENFERMEDAD PROFESIONAL
_9154
650 _aCONDICIONES DE TRABAJO
_9128
650 _aPAPEL DEL SINDICATO
_95120
650 0 _aACTITUD SINDICAL
_961
710 _aCCOO
_bCONC,
_eed.
_92438
856 _zPDF
_uhttp://docpublicos.ccoo.es/cendoc/055816RepresentacionSindicalAccidentes.pdf
901 _a1
903 _aNO
904 _a000
907 _a28 de Abril
953 _d2019-07-25
_yDOCU_ELEC
_hLlu!ta Obrera, n. 239 (abril-junio 2019), p. 15
_tPS90
999 _c45449
_d45449
910 _a2019
942 _cDOCU_ELEC